ا د ب ا طفا ل کے چند گو شے (Record no. 187841)

MARC details
000 -LEADER
fixed length control field 00731nam a22001937a 4500
005 - DATE AND TIME OF LATEST TRANSACTION
control field 20220502120751.0
010 ## - LCCN (DPL NO)
LC control number UR-11532
020 ## - INTERNATIONAL STANDARD BOOK NUMBER
Terms of availability 350.00
International Standard Book Number 9789390789030
035 ## - SYSTEM CONTROL NUMBER
System control number U-10087
037 ## - SOURCE OF ACQUISITION
Source of stock number/acquisition DBAD/PUB
Stock number -
082 ## - DEWEY DECIMAL CLASSIFICATION NUMBER
Classification number 840.08
Edition number Ist
100 ## - MAIN ENTRY--PERSONAL NAME
Personal name سيد ا سر ا ر ا لحق سبيلی
245 ## - TITLE STATEMENT
Title ا د ب ا طفا ل کے چند گو شے
Statement of responsibility, etc سيد ا سر ا ر ا لحق سبيلی
Medium ا ر د و
246 ## - VARYING FORM OF TITLE
Remainder of title Adab Atfal Ke Chand Goshe(Urdu)
Title proper/short title by Syed Israrul Haqu Sabili
260 ## - PUBLICATION, DISTRIBUTION, ETC. (IMPRINT)
Place of publication, distribution, etc Delhi
Name of publisher, distributor, etc Educational Publishing House
Date of publication, distribution, etc 2021ء
270 ## - ADDRESS
Address 3191,Vakil Street, Kucha Pandit Lal Kuan ,
City Delhi
Postal code 110006
Telephone number 23216162
Fax number -
300 ## - PHYSICAL DESCRIPTION
Extent 320 ص
Dimensions 22 Cm(Hb)
942 ## - ADDED ENTRY ELEMENTS (KOHA)
Source of classification or shelving scheme Dewey Decimal Classification
Item type Urdu Bks
Classification part 840.08
Call number suffix ا س ر
Holdings
Withdrawn status Lost status Not for loan Collection code Home library Current library Date acquired Source of acquisition Cost, normal purchase price Full call number Barcode Copy number Cost, replacement price Koha item type
    Not For Loan Non-fiction D.B.Act.Division Central Library 02/05/2022 DBAD/PUB 350.00 840.08 ا س ر U-10087 1 350.00 Urdu Bks

© Delhi Public Library
Hit Counter
free hit counter